000 01001nam a2200277Ia 4500
008 130821s2009 xxu gr eng
020 _a415474655
020 _a415474663
020 _a9780203881842
020 _a9780415474658
020 _a9780415474665
040 _aCo-BoUCM
_bspa
041 0 0 _aeng
245 0 0 _aCritical theorists and international relations
_ceditado por Jenny Edkins y Nick Vaughan-Williams
260 _aNueva York (Estados Unidos)
_bRoutledge
_c2009
300 _axiii, 405 páginas
490 0 _aInterventions
_v1
504 _aIncluye referencias bibliográficas e índice.
650 0 4 _aRelaciones internacionales
_98042
650 0 4 _aRelaciones internacionales
_xFilosofía
_983256
700 1 _aEdkins, Jenny
_eed.
_9166117
700 1 _aVaughan-Williams, Nick
_eed.
_9166118
856 4 2 _zTabla de Contenido
_uhttp://www.loc.gov/catdir/toc/ecip0826/2008036410.html
942 _cLIBRO
_a6
_e1
_mC934
_2DEWEY
_h327.101
999 _c64626
_d64626